000 00413nam a2200169Ia 4500
008 180921t2016 xxu||||| |||| 00| 1 sin d
041 _asin
080 _aX8C31
_bSEN
100 _aSeneviratne, Jayakody
245 _aසුධාරි
246 _aSudhari
260 _bDayawansa Jayakody
_aColombo
_c2016
300 _a375p., 21cm
942 _cBK
999 _c8671
_d8671
003 LK-CoDNM
040 _aLK-CoDNM
_dLK-CoDNM
_eLK-CoDNM